GINNY & GEORGIA QUIZ - Statistiques

Statistiques générales
  • Ce quiz a été pris 618 fois
  • Le résultat moyen est 5 sur 15
Statistiques - réponses
Indice Réponse % Correct
Quel est le prénom du fils de Georgia ? Austin
90%
Dans quelle ville Ginny et Georgia s'installent-elles au début de la série ? Wellsbury
83%
Qui est le propriétaire du café 'Blue Farm' ? Joe
82%
Comment s'appelle le groupe d'amies de Ginny ? MANG
75%
Quel est le prénom de l'ex-petit ami de Ginny, le batteur ? Marcus
47%
Quel est le nom du père biologique d'Austin ? Gil
44%
Quel instrument de musique joue Hunter Chen, le petit ami de Ginny ? Piano
23%
Quel est le nom de la meilleure amie de Ginny à Wellsbury ? Maxine Baker
16%
Quel est le prénom de la sœur de Georgia ? Maddie
14%
Quel est le travail de Georgia Miller à Wellsbury ? Assistante du maire
13%
Dans quel État se trouvait la famille Miller juste avant de déménager à Wellsbury ? Virginie
6%
Quel est le nom de l'inspecteur privé engagé par le frère de Kenny Drexel pour enquêter sur la mort de Kenny ? Gabriel Cordova
5%
Quel est le secret majeur de Georgia que Ginny découvre progressivement ? Meurtres
5%
Quelle maladie Abby cache à ses amies Dysmorphophobie
2%
Quel est le nom de la ville où Georgia a passé son enfance ? Blue Ridge
0%
Aucun quiz correspondant
Distribution des résultats
% des personnes avec chaque résultat
Percentile par nombre de réponses
Votre historique - résultats
Vous n’avez pas pris ce quiz